Religion and immigration : (Record no. 21154)
[ view plain ]
| 000 -LEADER | |
|---|---|
| fixed length control field | 00902cam a22002655a 4500 |
| 001 - CONTROL NUMBER | |
| control field | ocn881205875 |
| 003 - CONTROL NUMBER IDENTIFIER | |
| control field | OSt |
| 005 - DATE AND TIME OF LATEST TRANSACTION | |
| control field | 20160215144719.0 |
| 008 - FIXED-LENGTH DATA ELEMENTS--GENERAL INFORMATION | |
| fixed length control field | 140604s2014 enk frb 001 0 eng d |
| 020 ## - INTERNATIONAL STANDARD BOOK NUMBER | |
| International Standard Book Number | 9780745641706 (paperback) |
| 020 ## - INTERNATIONAL STANDARD BOOK NUMBER | |
| International Standard Book Number | 0745641709 (paperback) |
| 040 ## - CATALOGING SOURCE | |
| Original cataloging agency | BTCTA |
| Language of cataloging | eng |
| Transcribing agency | BTCTA |
| Modifying agency | BDX |
| -- | UKMGB |
| -- | YDXCP |
| -- | CDX |
| -- | OCLCO |
| -- | NDD |
| -- | DEBSZ |
| -- | UKDBK |
| -- | EG-ScBUE |
| 082 04 - DEWEY DECIMAL CLASSIFICATION NUMBER | |
| Classification number | 304.8 |
| Item number | KIV |
| Edition number | 22 |
| 100 1# - MAIN ENTRY--PERSONAL NAME | |
| Personal name | Kivisto, Peter, |
| Dates associated with a name | 1948- |
| 9 (RLIN) | 39354 |
| 245 10 - TITLE STATEMENT | |
| Title | Religion and immigration : |
| Remainder of title | migrant faiths in North America and Western Europe / |
| Statement of responsibility, etc | Peter Kivisto. |
| 260 ## - PUBLICATION, DISTRIBUTION, ETC. (IMPRINT) | |
| Place of publication, distribution, etc | Cambridge ; |
| -- | Malden : |
| Name of publisher, distributor, etc | Polity Press, |
| Date of publication, distribution, etc | 2014. |
| 300 ## - PHYSICAL DESCRIPTION | |
| Extent | ix, 211 p. ; |
| Dimensions | 21 cm. |
| 490 0# - Series Statement | |
| Series statement | Immigration & society series. |
| 500 ## - GENERAL NOTE | |
| General note | Index : p. 195-211. |
| 504 ## - BIBLIOGRAPHY, ETC. NOTE | |
| Bibliography, etc | Bibliography : p. 175-194. |
| 650 #7 - SUBJECT ADDED ENTRY--TOPICAL TERM | |
| Topical term or geographic name as entry element | Immigrants |
| General subdivision | Religious life. |
| Source of heading or term | BUEsh |
| 9 (RLIN) | 39355 |
| 651 ## - SUBJECT ADDED ENTRY--GEOGRAPHIC NAME | |
| Source of heading or term | BUEsh |
| 653 ## - INDEX TERM--UNCONTROLLED | |
| Resource For college | BAEPS, Political Science |
| Arrived date list | February2016 |
| 942 ## - ADDED ENTRY ELEMENTS (KOHA) | |
| Source of classification or shelving scheme | Dewey Decimal Classification |
| Withdrawn status | Item status | Source of classification or shelving scheme | Damaged status | Not for loan | Vendor | Home library | Current library | Shelving location | Date acquired | Source of acquisition | Cost, normal purchase price | Serial Enumeration / chronology | Total Checkouts | Full call number | Barcode | Date last seen | Cost, replacement price | Koha item type |
|---|---|---|---|---|---|---|---|---|---|---|---|---|---|---|---|---|---|---|
| Dewey Decimal Classification | Academic Bookshop | Central Library | Central Library | First floor | 15/02/2016 | Purchase | 206.00 | 4863 | 304.8 KIV | 000031555 | 15/07/2025 | 257.50 | Book - Borrowing |